Vista normal
Vista MARC
Entrada Personal Name
Número de registros utilizados en: 1
001 - CONTROL NUMBER
- control field: 15019
003 - CONTROL NUMBER IDENTIFIER
- control field: BNE
005 - DATE AND TIME OF LATEST TRANSACTION
- control field: 20231019101148.0
008 - FIXED-LENGTH DATA ELEMENTS
- fixed length control field: 901120nn aijnnaabn a aaa
010 ## - LIBRARY OF CONGRESS CONTROL NUMBER
- LC control number: XX1040514
016 ## - NATIONAL BIBLIOGRAPHIC AGENCY CONTROL NUMBER
- Record control number: BNE19900477345
035 ## - SYSTEM CONTROL NUMBER
- System control number: (BNE)XX1040514
040 ## - CATALOGING SOURCE
- Original cataloging agency: SpMaBN
- Language of cataloging: spa
- Transcribing agency: Mx-PuUPA
- Modifying agency: Mx-PuUPA
- Description conventions: rda
- Subject heading/thesaurus conventions: embne
100 1# - HEADING--PERSONAL NAME
- Personal name: Rodríguez Villar, Idelfonso,
374 ## - OCCUPATION
- Occupation: Autor
375 ## - GENDER
- Gender: hombre
377 ## - ASSOCIATED LANGUAGE
- Language code: spa
400 1# - SEE FROM TRACING--PERSONAL NAME
- Personal name: Villar, Idelfonso Rodríguez
670 ## - SOURCE DATA FOUND
- Source citation: Meditaciones sobre la Santísima Virgen María: María: signo de esperanza para la Iglesia y el mundo, en el horizonte del año 2000 año mariano 7 de junio de 1987-15 de agosto de 1988:
- Information found: t.p. (Idelfonso Rodríguez Villar) portada